Non-Muslim Neightbours - Statistics

General Stats
  • This quiz has been taken 93 times
    68 since last reset
  • The average score is 22 of 29
Answer Stats
Country % Correct
India
91%
Russia
91%
Armenia
88%
China
88%
Ethiopia
88%
Greece
88%
Israel
86%
Serbia
86%
South Sudan
86%
Georgia
82%
Kenya
80%
Ghana
79%
Bulgaria
77%
Cameroon
77%
Central African Republic
75%
DR Congo
75%
Benin
71%
Myanmar
71%
Togo
71%
East Timor
70%
Eritrea
70%
Liberia
70%
Montenegro
70%
Nigeria
70%
Thailand
68%
Papua New Guinea
64%
Macedonia
61%
Cote d'Ivoire
57%
Spain
38%
No matching quizzes found
Score Distribution
Percent of People with Each Score
Percentile by Number Answered
Your Score History
You have not taken this quiz since the last reset